ADVANCED learner's dictionary of botany

Bibliographic Details
Format: Book
Published: New Delhi : Anmol Pub. , 2000
Subjects:

MARC

LEADER 00000cam a2200000 7i4500
001 0000001160
005 20140115.0
020 0 0 |a 8126104619 
090 0 0 |a R580.03   |b ADV 2000 
245 0 0 |a ADVANCED learner's dictionary of botany 
260 0 0 |a New Delhi :   |b Anmol Pub. ,   |c 2000 
300 |a 360 p. :   |b ill. ;   |c 24 cm. 
650 0 0 |a Botany   |x Dictionaries 
998 |a JPSM 
999 |a 0000002105   |b Monograph   |c Reference   |e Default branch